<?xml version="1.0" encoding="UTF-8"?>
<marc:record xmlns:marc="http://www.loc.gov/MARC21/slim">
   <marc:leader>00000nam a2200000 a 4500</marc:leader>
   <marc:datafield ind1="1" ind2=" " tag="100">
      <marc:subfield code="a">Schreiber, Christiane</marc:subfield>
      <marc:subfield code="4">aut</marc:subfield>
      <marc:subfield code="e">Verfasser/-in</marc:subfield>
   </marc:datafield>
   <marc:datafield ind1="0" ind2="0" tag="245">
      <marc:subfield code="a">Auf den Spuren des schleichenden Schurken</marc:subfield>
   </marc:datafield>
   <marc:datafield ind1="0" ind2="0" tag="245">
      <marc:subfield code="c">Christiane Schreiber</marc:subfield>
   </marc:datafield>
   <marc:datafield ind1=" " ind2="1" tag="264">
      <marc:subfield code="a">Stuttgart</marc:subfield>
      <marc:subfield code="b">Thienemann</marc:subfield>
      <marc:subfield code="c">2025</marc:subfield>
   </marc:datafield>
   <marc:datafield ind1="1" ind2=" " tag="490">
      <marc:subfield code="a">Andersgasse 7</marc:subfield>
      <marc:subfield code="v">2</marc:subfield>
   </marc:datafield>
   <marc:datafield ind1=" " ind2=" " tag="250">
      <marc:subfield code="a">1. Auflage</marc:subfield>
   </marc:datafield>
   <marc:datafield ind1="1" ind2=" " tag="520">
      <marc:subfield code="a">Ein Kinderkrimi voller Magie, Witz und überraschender Wendungen – perfekt für kleine Spürnasen ab 8 Jahren!
Karl und Elsa sind zurück – und ihr neuer Fall hat es in sich! Ein unsichtbarer Meisterdieb, bekannt als der schleichende Schurke, hat die Andersgasse im Visier. Als ein mysteriöser Stein verschwindet, der die Macht hat, die Zeit zu manipulieren, stehen die beiden Detektive vor ihrer bislang größten Herausforderung. In einem magischen Katz-und-Maus-Spiel voller überraschender Wendungen begegnen sie Zwergen, schrulligen Nachbarn und magischen Wesen – bis sich eine spektakuläre Verhaftung anbahnt. 
Band 2 der magischen Detektivreihe
Spaß und Spannung garantiert
Mit vielen Illustrationen
</marc:subfield>
   </marc:datafield>
   <marc:datafield ind1=" " ind2=" " tag="020">
      <marc:subfield code="a">9783522186643</marc:subfield>
      <marc:subfield code="9">9783522186643</marc:subfield>
   </marc:datafield>
   <marc:datafield ind1=" " ind2=" " tag="020">
      <marc:subfield code="a">3522186648</marc:subfield>
      <marc:subfield code="9">3522186648</marc:subfield>
   </marc:datafield>
   <marc:datafield ind1=" " ind2=" " tag="041">
      <marc:subfield code="a">ger</marc:subfield>
   </marc:datafield>
   <marc:datafield ind1=" " ind2=" " tag="300">
      <marc:subfield code="a">158 Seiten</marc:subfield>
   </marc:datafield>
</marc:record>
